Central Library OPAC University of Rajshahi

Transient and steady-state analysis of electric networks / (Record no. 73587)

MARC details
000 -LEADER
fixed length control field 00888nam a2200265 a 4500
001 - CONTROL NUMBER
control field 73587
003 - CONTROL NUMBER IDENTIFIER
rucl marc code BD-RjUL
005 - DATE AND TIME OF LATEST TRANSACTION
control field 20211209082420.0
008 - FIXED-LENGTH DATA ELEMENTS--GENERAL INFORMATION
fixed length control field 170604s1961 nyua b 001 0 eng d
035 ## - SYSTEM CONTROL NUMBER
System control number (BD-RjUL)73805
040 ## - CATALOGING SOURCE
Original cataloging agency DLC
Transcribing agency OYU
Modifying agency BD-RjUL
Language of cataloging eng
041 ## - LANGUAGE CODE
Language code of text/sound track or separate title eng
082 ## - DEWEY DECIMAL CLASSIFICATION NUMBER
Classification number 621.3192
Edition number 23
Author mark and year PET 1961
100 1# - MAIN ENTRY--PERSONAL NAME
Personal name Peskin, Edward.
9 (RLIN) 217747
245 10 - TITLE STATEMENT
Title Transient and steady-state analysis of electric networks /
Statement of responsibility, etc. Edward Peskin
260 ## - PUBLICATION, DISTRIBUTION, ETC. (IMPRINT)
Place of publication, distribution, etc. Princeton, N.J. :
Name of publisher, distributor, etc. Van Nostrand,
Date of publication, distribution, etc. 1961.
300 ## - PHYSICAL DESCRIPTION
Pagination 423 p. :
Illustrations ill. ;
Size 24 cm.
504 ## - BIBLIOGRAPHY, ETC. NOTE
Bibliography, etc Includes bibliography and index
650 #0 - SUBJECT ADDED ENTRY--TOPICAL TERM
Topical term or geographic name as entry element Networks
9 (RLIN) 217749
Topical term or geographic name as entry element Electric networks
9 (RLIN) 217750
Topical term or geographic name as entry element Mathematical physics.
9 (RLIN) 217751
830 ## - SERIES ADDED ENTRY--UNIFORM TITLE
Uniform title The Van Nostrand series in electronics and communications
942 ## - ADDED ENTRY ELEMENTS (KOHA)
Source of classification or shelving scheme Dewey Decimal Classification
Koha item type Books
Holdings
Lost status Source of classification or shelving scheme Damaged status Not for loan Collection code Permanent Location Current Location Shelving location Date acquired Source of acquisition Cost, normal purchase price Total Checkouts Full call number Date last seen Copy number Koha item type
  Dewey Decimal Classification   Not For Loan Non-fiction Central Library, University of Rajshahi Central Library, University of Rajshahi Reading Room 01/09/1971 Zeitlinger 110.00   621.3192 PET 1961 04/06/2017 C-1 Books
  Dewey Decimal Classification     Non-fiction Central Library, University of Rajshahi Central Library, University of Rajshahi   01/09/1971 Zeitlinger 110.00   621.3192 PET 1961 04/06/2017 C-2 Books